ARRUPE JESUIT UNIVERSITY

CORONAVIRUS -STOP THE SPREAD - CLEAN,DISINFECT,COVER

International Analyses of Teacher Education (Record no. 119485)

MARC details
000 -LEADER
fixed length control field 00575nam a22001697a 4500
008 - FIXED-LENGTH DATA ELEMENTS--GENERAL INFORMATION
fixed length control field 131220b xxu||||| |||| 00| 0 eng d
020 ## - INTERNATIONAL STANDARD BOOK NUMBER
International Standard Book Number 0902879405
050 ## - LIBRARY OF CONGRESS CALL NUMBER
Classification number LB1707.I61 1993
245 ## - TITLE STATEMENT
Title International Analyses of Teacher Education
Statement of responsibility, etc edited by Peter Gilroy and Michael Smith
260 ## - PUBLICATION, DISTRIBUTION, ETC. (IMPRINT)
Place of publication, distribution, etc Thames View
Name of publisher, distributor, etc Carfax Publiching Company
Date of publication, distribution, etc 1993
300 ## - PHYSICAL DESCRIPTION
Extent 341p.;
Dimensions 25cm.
440 ## - SERIES STATEMENT/ADDED ENTRY--TITLE
Title Jet Papers
Number of part/section of a work No.1
9 (RLIN) 6463
650 ## - SUBJECT ADDED ENTRY--TOPICAL TERM
Topical term or geographic name as entry element Teachers
General subdivision Training of
-- Philosophy
9 (RLIN) 6464
700 ## - ADDED ENTRY--PERSONAL NAME
Personal name Gilroy, Peter (ed.)
9 (RLIN) 6465
700 ## - ADDED ENTRY--PERSONAL NAME
Personal name Smith, Michael (ed.)
9 (RLIN) 6466
942 ## - ADDED ENTRY ELEMENTS (KOHA)
Source of classification or shelving scheme Library of Congress Classification
Item type Monograph ( Printed materials)
Holdings
Withdrawn status Lost status Source of classification or shelving scheme Damaged status Not for loan Home library Current library Shelving location Date acquired Total Checkouts Full call number Barcode Date last seen Price effective from Koha item type
    Library of Congress Classification     ARRUPE LIBRARY ARRUPE LIBRARY Main Collection 20/12/2013   LB1707.I61 1993 464122427 28/06/2018 20/12/2013 Monograph ( Printed materials)

 

Arrupe Library. PO Box MP320 Mt Pleasant, Harare, Zimbabwe
263 242 745411|librarian@aju.ac.zw